Knowledge of meaning : an introduction to semantic theory /

Bibliographic Details
Main Author: Larson, Richard K.
Other Authors: Segal, Gabriel
Format: Book
Language:English
Published: Cambridge, Mass. : MIT Press, [1995]
Subjects:

MARC

Tag First Indicator Second Indicator Subfields
LEADER 00000cam a2200000 a 4500
001 in00001386913
005 20151019164736.0
008 950124s1995 mau b 001 0 eng
010 |a  95005324  
020 |a 026212193X 
020 |a 0262621002 (pbk.) 
035 |a (OCoLC)31970869 
035 |9 AHK5410AM 
040 |a DLC  |c DLC  |d TXA  |d UtOrBLW 
049 |a TXAM 
050 0 0 |a P325  |b .L298 1995 
082 0 0 |a 401/.43  |2 20 
100 1 |a Larson, Richard K. 
245 1 0 |a Knowledge of meaning :  |b an introduction to semantic theory /  |c Richard Larson and Gabriel Segal. 
246 3 0 |a Introduction to semantic theory 
264 1 |a Cambridge, Mass. :  |b MIT Press,  |c [1995] 
264 4 |c ©1995 
300 |a xvii, 639 pages :  |b illustrations ;  |c 24 cm. 
336 |a text  |b txt  |2 rdacontent 
337 |a unmediated  |b n  |2 rdamedia 
338 |a volume  |b nc  |2 rdacarrier 
500 |a "A Bradford book." 
504 |a Includes bibliographical references and indexes. 
650 0 |a Semantics. 
650 0 |a Semantics (Philosophy) 
650 0 |a Generative grammar. 
700 1 |a Segal, Gabriel. 
999 |a MARS 
999 f f |s 5dbdf876-626b-3e82-9ab9-28d5b5c66c64  |i 44506ba0-51ac-3b73-9748-6ec4b172f4f8  |t 0 
952 f f |p ric  |a Texas A&M University  |b Rellis Campus  |c Joint Library Facility  |s JLF  |d Remote Storage  |t 0  |e P325 .L298 1995  |h Library of Congress classification  |i unmediated -- volume  |m A14821544731 
998 f f |a P325 .L298 1995  |t 0  |l Remote Storage